00807nam a22002297a 450000500170000000800410001701000140005802000260007203500130009803700130011104000130012408200100013710000310014724500580017826000340023627000480027030000350031850000490035394200240040299900170042695201340044320100531115225.0100531t xxu||||| |||| 00| 0 eng d aENG-96209 a9788120340350c350.00 aEN-79742 bDBAD/PUB aDPLbEng a591.5 aMandal, Fatik Baran921899 aTextbook of animal behaviour /cby Fatik Baran Mandal aNew DelhibPHI Learningc2010 aM-97, Connaught Circus, bNew Delhie110001 axii, 302p.:c27 cm (pbk)bill. aincludes biblographical references and index 2ddccENmMANh591.5 c36414d36414 00102ddc40718NFICaDBADbDBADd2010-05-03eDBAD/PUBg350.00l0oMANpEN-79742r2010-05-31 00:00:00t1v350.00w2010-05-31yEN